[Event "Wroclaw Open"]
[Site "?"]
[Date "2017.08.16"]
[Round "9.2"]
[White "Nowak, Kamil"]
[Black "Vypkhaniuk, Ihor"]
[Result "1/2-1/2"]
[BlackElo "2333"]
[WhiteElo "2318"]
[LiveChessVersion "1.4.6"]

1. e4 c5 {[%clk 1:23:33]} 2. Nf3 {[%clk 1:31:00]} Nc6 {[%clk 1:23:58]} 3. d4
{[%clk 1:31:22]} cxd4 {[%clk 1:24:21]} 4. Nxd4 e5 5. Nb5 {[%clk 1:32:01]} d6
{[%clk 1:25:14]} 6. N1c3 {[%clk 1:32:16]} a6 {[%clk 1:25:41]} 7. Na3
{[%clk 1:32:35]} Be7 {[%clk 1:26:07]} 8. Nc4 b5 9. Ne3 {[%clk 1:32:04]} Nf6
{[%clk 1:26:06]} 10. g3 {[%clk 1:32:34]} O-O {[%clk 1:23:58]} 11. Bg2
{[%clk 1:32:41]} b4 {[%clk 1:21:18]} 12. Ncd5 {[%clk 1:32:34]} Nxd5
{[%clk 1:10:46]} 13. Nxd5 Bg5 {[%clk 1:09:39]} 14. Bxg5 {[%clk 1:31:14]} Qxg5 15.
O-O {[%clk 1:26:49]} Qd8 {[%clk 0:52:56]} 16. a3 {[%clk 1:27:12]} bxa3
{[%clk 0:41:25]} 17. Rxa3 {[%clk 1:24:03]} Rb8 {[%clk 0:35:03]} 18. b3 a5
{[%clk 0:35:13]} 19. Qd2 {[%clk 1:15:57]} Be6 {[%clk 0:34:42]} 20. Rfa1
{[%clk 1:05:26]} Qd7 21. Ne3 Rb4 {[%clk 0:27:50]} 22. Ra4 {[%clk 1:04:39]} Rfb8
{[%clk 0:22:36]} 23. Kh1 {[%clk 1:02:10]} Qc7 {[%clk 0:19:45]} 24. Bf1
{[%clk 0:52:19]} Rd4 25. Rxd4 {[%clk 0:48:13]} exd4 {[%clk 0:18:42]} 26. Nc4 d5
27. exd5 {[%clk 0:47:59]} Bxd5+ {[%clk 0:17:33]} 28. Bg2 {[%clk 0:48:49]} Bxc4
{[%clk 0:16:11]} 29. bxc4 Nb4 {[%clk 0:15:27]} 30. c3 {[%clk 0:48:15]} dxc3 31.
Qxc3 1/2-1/2

[Event "Wroclaw Open"]
[Site "?"]
[Date "2017.08.16"]
[Round "9.3"]
[White "Sivakumar, Ashvin"]
[Black "Jagodzinski, Piotr"]
[Result "1/2-1/2"]
[BlackElo "2177"]
[WhiteElo "2221"]
[LiveChessVersion "1.4.6"]

1. d4 {[%clk 1:30:43]} Nf6 {[%clk 1:30:55]} 2. Nf3 {[%clk 1:30:49]} e6
{[%clk 1:31:09]} 3. Bg5 {[%clk 1:25:24]} c5 {[%clk 1:28:05]} 4. c3
{[%clk 1:25:31]} cxd4 {[%clk 1:26:21]} 5. cxd4 {[%clk 1:24:28]} Qa5+
{[%clk 1:26:50]} 6. Bd2 {[%clk 1:18:47]} Qb6 {[%clk 1:25:04]} 7. Qc2
{[%clk 1:18:52]} Nc6 {[%clk 1:24:46]} 8. Nc3 {[%clk 1:19:08]} d5 {[%clk 1:19:30]}
9. e3 {[%clk 1:17:50]} Bd7 {[%clk 1:19:40]} 10. a3 {[%clk 1:13:48]} Rc8
{[%clk 1:18:14]} 11. Bd3 {[%clk 1:11:56]} Bd6 {[%clk 1:14:23]} 12. O-O
{[%clk 1:02:33]} Na5 {[%clk 1:12:24]} 13. b4 {[%clk 0:51:00]} Nc4
{[%clk 1:11:56]} 14. Bxc4 {[%clk 0:51:20]} Rxc4 {[%clk 1:11:45]} 15. Qb3
{[%clk 0:51:40]} Qc7 {[%clk 1:10:03]} 16. Rac1 {[%clk 0:47:35]} b5
{[%clk 1:09:44]} 17. h3 {[%clk 0:39:20]} O-O {[%clk 1:04:48]} 18. Ne1
{[%clk 0:34:57]} Rc8 {[%clk 0:42:10]} 19. Nd3 {[%clk 0:35:12]} Qb6
{[%clk 0:34:42]} 20. Rfd1 {[%clk 0:30:13]} Bb8 {[%clk 0:30:29]} 21. Re1
{[%clk 0:23:40]} h6 {[%clk 0:30:10]} 22. f4 {[%clk 0:23:01]} Be8 {[%clk 0:27:34]}
23. Qb2 {[%clk 0:22:16]} Qd6 {[%clk 0:21:46]} 24. Ne5 {[%clk 0:20:29]} R4c7
{[%clk 0:22:15]} 25. Nd3 {[%clk 0:20:49]} Ne4 {[%clk 0:18:15]} 26. Nxe4
{[%clk 0:19:16]} dxe4 {[%clk 0:18:44]} 27. Nc5 {[%clk 0:19:25]} Qd5
{[%clk 0:18:56]} 28. Qb1 {[%clk 0:17:30]} f5 {[%clk 0:16:40]} 29. Na6
{[%clk 0:17:02]} Rc4 {[%clk 0:13:39]} 30. Rxc4 {[%clk 0:16:42]} bxc4
{[%clk 0:13:29]} 31. Nxb8 {[%clk 0:16:55]} Rxb8 {[%clk 0:13:11]} 32. Qc2
{[%clk 0:17:17]} g5 {[%clk 0:12:02]} 33. Bc3 {[%clk 0:16:58]} Kh7
{[%clk 0:11:13]} 34. Qf2 {[%clk 0:11:26]} Rb7 {[%clk 0:08:49]} 35. fxg5
{[%clk 0:10:48]} hxg5 {[%clk 0:09:10]} 36. h4 {[%clk 0:11:13]} gxh4
{[%clk 0:06:13]} 37. Qxh4+ {[%clk 0:11:28]} Kg8 {[%clk 0:06:42]} 38. Kf2
{[%clk 0:10:06]} Rh7 {[%clk 0:05:47]} 1/2-1/2

[Event "Wroclaw Open"]
[Site "?"]
[Date "2017.08.16"]
[Round "9.4"]
[White "Sieciechowicz, Marcin"]
[Black "Kucza, Karol"]
[Result "1/2-1/2"]
[BlackElo "2320"]
[WhiteElo "2408"]
[LiveChessVersion "1.4.6"]

1. d4 {[%clk 1:30:45]} Nf6 {[%clk 1:30:54]} 2. c4 {[%clk 1:30:56]} e6
{[%clk 1:31:19]} 3. Nc3 {[%clk 1:31:19]} Bb4 {[%clk 1:30:56]} 4. e3
{[%clk 1:31:39]} O-O {[%clk 1:30:57]} 5. Nge2 {[%clk 1:32:01]} d5
{[%clk 1:31:02]} 6. a3 {[%clk 1:32:23]} Be7 {[%clk 1:30:10]} 7. cxd5
{[%clk 1:32:38]} exd5 {[%clk 1:30:34]} 8. Nf4 {[%clk 1:32:58]} c6
{[%clk 1:29:39]} 9. Bd3 {[%clk 1:32:34]} Nbd7 {[%clk 1:25:33]} 10. O-O
{[%clk 1:32:57]} Re8 {[%clk 1:25:43]} 11. f3 {[%clk 1:32:57]} Nf8
{[%clk 1:23:45]} 12. Bc2 {[%clk 1:33:23]} Ne6 {[%clk 1:13:28]} 13. e4
{[%clk 1:33:40]} dxe4 {[%clk 1:11:05]} 14. Nxe6 {[%clk 1:34:00]} Bxe6
{[%clk 1:10:51]} 15. fxe4 {[%clk 1:34:19]} Bg4 {[%clk 1:09:24]} 16. Qd3
{[%clk 1:30:48]} Bh5 {[%clk 1:06:44]} 17. e5 {[%clk 1:13:07]} Bg6
{[%clk 1:06:31]} 18. Qd2 {[%clk 1:09:59]} Nd5 {[%clk 1:06:11]} 19. Bb3
{[%clk 1:06:42]} Qd7 {[%clk 1:03:31]} 20. Qf2 {[%clk 1:02:45]} Bf8
{[%clk 0:57:27]} 21. Bd2 {[%clk 0:58:02]} h6 {[%clk 0:54:28]} 22. Rac1
{[%clk 0:52:55]} Rad8 {[%clk 0:51:18]} 23. Qf3 {[%clk 0:44:23]} Nc7
{[%clk 0:46:24]} 24. Be3 {[%clk 0:42:35]} Ne6 {[%clk 0:34:44]} 25. d5
{[%clk 0:36:21]} cxd5 {[%clk 0:24:19]} 26. Ba4 {[%clk 0:34:35]} Qc7
{[%clk 0:21:14]} 27. Bxe8 {[%clk 0:32:06]} Rxe8 {[%clk 0:21:16]} 28. Qxd5
{[%clk 0:19:31]} Rd8 {[%clk 0:20:55]} 29. Qf3 {[%clk 0:19:32]} Rd3
{[%clk 0:20:00]} 30. Qf2 {[%clk 0:14:12]} 1/2-1/2

[Event "Wroclaw Open"]
[Site "?"]
[Date "2017.08.16"]
[Round "9.5"]
[White "Dowgird, Filip"]
[Black "Czachor, Grzegorz"]
[Result "1-0"]
[BlackElo "2108"]
[WhiteElo "2271"]
[LiveChessVersion "1.4.6"]

1. Nf3 {[%clk 1:30:57]} Nf6 {[%clk 1:30:40]} 2. g3 {[%clk 1:31:22]} b6
{[%clk 1:30:58]} 3. Bg2 {[%clk 1:31:44]} Bb7 {[%clk 1:31:23]} 4. d3
{[%clk 1:32:07]} g6 {[%clk 1:30:42]} 5. O-O {[%clk 1:32:22]} Bg7 {[%clk 1:31:07]}
6. e4 {[%clk 1:31:52]} O-O {[%clk 1:30:16]} 7. Nbd2 {[%clk 1:28:39]} c5
{[%clk 1:30:11]} 8. Re1 {[%clk 1:27:50]} Nc6 {[%clk 1:28:13]} 9. c3
{[%clk 1:23:01]} Rc8 {[%clk 1:24:30]} 10. a3 {[%clk 1:19:51]} Ne8
{[%clk 1:20:38]} 11. h4 {[%clk 1:15:55]} Nc7 {[%clk 1:16:53]} 12. h5
{[%clk 1:12:59]} b5 {[%clk 1:15:59]} 13. hxg6 {[%clk 1:11:31]} hxg6
{[%clk 1:15:14]} 14. Nf1 {[%clk 1:08:31]} d5 {[%clk 1:06:30]} 15. e5
{[%clk 0:53:57]} d4 {[%clk 1:02:25]} 16. N1h2 {[%clk 0:48:20]} Qd7
{[%clk 0:58:39]} 17. c4 {[%clk 0:39:33]} bxc4 {[%clk 0:58:05]} 18. dxc4
{[%clk 0:39:48]} Na5 {[%clk 0:52:24]} 19. b3 {[%clk 0:37:57]} Rb8
{[%clk 0:52:26]} 20. Rb1 {[%clk 0:30:17]} Nxc4 {[%clk 0:46:03]} 21. Qc2
{[%clk 0:30:41]} Na5 {[%clk 0:46:05]} 22. Qxc5 {[%clk 0:28:23]} Bxf3
{[%clk 0:45:13]} 23. Nxf3 {[%clk 0:25:33]} Nxb3 {[%clk 0:38:19]} 24. Qxa7
{[%clk 0:25:11]} Rfd8 {[%clk 0:29:48]} 25. Nd2 {[%clk 0:21:18]} Ra8
{[%clk 0:13:08]} 26. Bxa8 {[%clk 0:21:01]} Rxa8 {[%clk 0:13:36]} 27. Qb7
{[%clk 0:20:41]} Nc5 {[%clk 0:13:25]} 28. Qf3 {[%clk 0:20:26]} Qd5
{[%clk 0:12:21]} 29. Bb2 {[%clk 0:15:49]} Qxf3 {[%clk 0:10:52]} 30. Nxf3
{[%clk 0:16:14]} Nd3 {[%clk 0:10:49]} 31. Red1 {[%clk 0:16:07]} Nxe5
{[%clk 0:10:00]} 32. Nxe5 {[%clk 0:16:10]} Bxe5 {[%clk 0:10:24]} 33. Bxd4
{[%clk 0:16:27]} Bxd4 {[%clk 0:09:44]} 34. Rxd4 {[%clk 0:16:52]} Rxa3
{[%clk 0:10:04]} 35. Rd7 {[%clk 0:16:49]} Ne6 {[%clk 0:09:43]} 36. Rxe7
{[%clk 0:17:02]} Rf3 {[%clk 0:09:20]} 37. Kg2 {[%clk 0:17:09]} Rf6
{[%clk 0:09:35]} 38. Rb3 {[%clk 0:16:00]} Nd4 {[%clk 0:06:58]} 39. Rb8+
{[%clk 0:15:55]} Kg7 {[%clk 0:07:24]} 40. Ree8 {[%clk 0:15:48]} Rf5
{[%clk 0:05:49]} 41. Re4 {[%clk 0:12:46]} Ne6 {[%clk 0:06:13]} 42. Re3
{[%clk 0:12:47]} Rc5 {[%clk 0:03:29]} 43. Rb7 {[%clk 0:12:49]} Rc6
{[%clk 0:03:58]} 44. f4 {[%clk 0:11:33]} Rc2+ {[%clk 0:04:01]} 45. Kh3
{[%clk 0:11:16]} Kf6 {[%clk 0:04:08]} 46. Ra3 {[%clk 0:08:20]} Rc8
{[%clk 0:03:10]} 47. Raa7 {[%clk 0:08:27]} Rf8 {[%clk 0:03:21]} 48. Kg4
{[%clk 0:08:40]} Nd4 {[%clk 0:03:09]} 49. Rd7 {[%clk 0:08:29]} Ne6
{[%clk 0:02:46]} 50. Kf3 {[%clk 0:08:36]} Kg7 {[%clk 0:02:19]} 51. g4
{[%clk 0:07:18]} Kf6 {[%clk 0:02:30]} 52. Ke3 {[%clk 0:06:14]} Kg7
{[%clk 0:02:12]} 53. Re7 {[%clk 0:05:56]} Kg8 {[%clk 0:01:34]} 54. f5
{[%clk 0:03:00]} gxf5 {[%clk 0:01:59]} 55. gxf5 {[%clk 0:03:27]} Ng5
{[%clk 0:02:08]} 56. Kf4 {[%clk 0:03:19]} Nh7 {[%clk 0:02:24]} 57. Ke5
{[%clk 0:02:30]} Ng5 {[%clk 0:02:31]} 58. Kf4 {[%clk 0:01:53]} Nh7
{[%clk 0:02:57]} 59. Kg4 {[%clk 0:02:18]} Kg7 {[%clk 0:03:00]} 60. Reb7
{[%clk 0:02:01]} Nf6+ {[%clk 0:03:12]} 61. Kg5 {[%clk 0:02:07]} Nh7+
{[%clk 0:03:18]} 62. Kf4 {[%clk 0:02:34]} Nf6 {[%clk 0:03:39]} 63. Rb1
{[%clk 0:02:25]} Re8 {[%clk 0:04:08]} 64. Rg1+ {[%clk 0:02:45]} Kf8
{[%clk 0:04:36]} 65. Kg5 {[%clk 0:02:50]} Ne4+ {[%clk 0:04:55]} 66. Kh6
{[%clk 0:03:00]} Re5 {[%clk 0:03:54]} 67. Rg8+ {[%clk 0:03:18]} 1-0

[Event "Wroclaw Open"]
[Site "?"]
[Date "2017.08.16"]
[Round "9.6"]
[White "Reza, Wojciech"]
[Black "Widla, Piotr"]
[Result "1-0"]
[BlackElo "2029"]
[WhiteElo "2241"]
[LiveChessVersion "1.4.6"]

1. c4 {[%clk 1:22:20]} Nf6 {[%clk 1:20:49]} 2. Nc3 {[%clk 1:22:43]} e5
{[%clk 1:20:04]} 3. g3 {[%clk 1:19:21]} Bb4 {[%clk 1:20:20]} 4. Bg2
{[%clk 1:19:07]} Bxc3 {[%clk 1:20:06]} 5. bxc3 {[%clk 1:19:29]} Nc6
{[%clk 1:20:03]} 6. e4 {[%clk 1:16:33]} O-O {[%clk 1:19:43]} 7. Ne2
{[%clk 1:16:11]} d6 {[%clk 1:19:57]} 8. d3 {[%clk 1:14:38]} Be6 {[%clk 1:19:41]}
9. Rb1 {[%clk 1:13:39]} Rb8 {[%clk 1:07:23]} 10. f4 {[%clk 1:11:50]} exf4
{[%clk 1:02:32]} 11. Bxf4 {[%clk 1:00:12]} Qd7 {[%clk 0:51:47]} 12. Bg5
{[%clk 0:38:08]} Ne8 {[%clk 0:50:45]} 13. Nd4 {[%clk 0:35:41]} Nxd4
{[%clk 0:48:17]} 14. cxd4 {[%clk 0:36:07]} h6 {[%clk 0:46:17]} 15. Be3
{[%clk 0:35:17]} Bg4 {[%clk 0:44:21]} 16. Qd2 {[%clk 0:34:48]} c6
{[%clk 0:36:39]} 17. h3 {[%clk 0:34:44]} Bh5 {[%clk 0:37:03]} 18. O-O
{[%clk 0:25:55]} Bg6 {[%clk 0:25:52]} 19. g4 {[%clk 0:22:39]} b6 {[%clk 0:24:42]}
20. d5 {[%clk 0:22:10]} cxd5 {[%clk 0:19:51]} 21. cxd5 {[%clk 0:22:12]} Nc7
{[%clk 0:17:23]} 22. Rbc1 {[%clk 0:13:06]} Rbc8 {[%clk 0:15:45]} 23. Rc6
{[%clk 0:12:42]} Na6 {[%clk 0:16:08]} 24. Rfc1 {[%clk 0:12:40]} Nc5
{[%clk 0:16:29]} 25. Bf4 {[%clk 0:12:07]} Rxc6 {[%clk 0:15:28]} 26. dxc6
{[%clk 0:12:33]} Qe7 {[%clk 0:15:32]} 27. Qe3 {[%clk 0:10:29]} Rc8
{[%clk 0:13:06]} 28. d4 {[%clk 0:08:32]} Ne6 {[%clk 0:13:27]} 29. Bg3
{[%clk 0:06:45]} f6 {[%clk 0:13:50]} 30. h4 {[%clk 0:05:11]} Be8 {[%clk 0:13:57]}
31. d5 {[%clk 0:05:11]} Nc5 {[%clk 0:14:22]} 32. Re1 {[%clk 0:05:16]} Rc7
{[%clk 0:14:04]} 33. g5 {[%clk 0:04:31]} hxg5 {[%clk 0:12:39]} 34. hxg5
{[%clk 0:04:57]} Bg6 {[%clk 0:09:09]} 35. Qf4 {[%clk 0:03:20]} Nd3
{[%clk 0:07:54]} 36. Qxd6 {[%clk 0:03:44]} Qxd6 {[%clk 0:07:15]} 37. Bxd6
{[%clk 0:04:11]} Nxe1 {[%clk 0:07:39]} 38. Bxc7 {[%clk 0:03:58]} Nxg2
{[%clk 0:08:04]} 39. d6 {[%clk 0:03:58]} Nf4 {[%clk 0:08:31]} 40. d7
{[%clk 0:04:05]} Ne6 {[%clk 0:08:57]} 41. Bd6 {[%clk 0:04:07]} Bxe4
{[%clk 0:09:08]} 42. c7 {[%clk 0:04:25]} 1-0

[Event "Wroclaw Open"]
[Site "?"]
[Date "2017.08.16"]
[Round "9.7"]
[White "Decker, Nils"]
[Black "Gierulski, Kamil"]
[Result "0-1"]
[BlackElo "2210"]
[WhiteElo "2034"]
[LiveChessVersion "1.4.6"]

1. Nf3 {[%clk 1:30:53]} Nf6 {[%clk 1:30:27]} 2. d4 {[%clk 1:31:11]} g6
{[%clk 1:30:54]} 3. c4 {[%clk 1:29:54]} Bg7 {[%clk 1:31:19]} 4. g3
{[%clk 1:29:48]} O-O {[%clk 1:31:44]} 5. Bg2 {[%clk 1:30:08]} d6 {[%clk 1:32:10]}
6. O-O {[%clk 1:29:51]} Nc6 {[%clk 1:32:15]} 7. d5 {[%clk 1:25:03]} Na5
{[%clk 1:31:00]} 8. Nfd2 {[%clk 1:23:21]} c5 {[%clk 1:30:29]} 9. Nc3
{[%clk 1:22:10]} a6 {[%clk 1:29:23]} 10. Rb1 {[%clk 1:11:06]} b5 {[%clk 1:27:00]}
11. cxb5 {[%clk 1:07:26]} Qb6 {[%clk 1:27:09]} 12. b4 {[%clk 1:05:44]} cxb4
{[%clk 1:26:43]} 13. Rxb4 {[%clk 1:02:47]} Qc5 {[%clk 1:19:45]} 14. Rb3
{[%clk 0:59:26]} Nxb3 {[%clk 1:20:03]} 15. Qxb3 {[%clk 0:59:49]} axb5
{[%clk 1:17:35]} 16. Nxb5 {[%clk 0:59:37]} Ba6 {[%clk 1:16:30]} 17. a4
{[%clk 0:59:44]} Bxb5 {[%clk 1:16:41]} 18. axb5 {[%clk 0:59:57]} Rfb8
{[%clk 1:16:59]} 19. Ne4 {[%clk 0:59:35]} Nxe4 {[%clk 1:17:14]} 20. Bxe4
{[%clk 0:59:54]} Rxb5 {[%clk 1:17:37]} 21. Qd3 {[%clk 0:56:33]} Rb4
{[%clk 1:16:14]} 22. Bf3 {[%clk 0:53:29]} Rba4 {[%clk 1:15:02]} 23. Be3
{[%clk 0:51:47]} Qb4 {[%clk 1:14:57]} 24. Bd2 {[%clk 0:51:06]} Qb2
{[%clk 1:14:19]} 25. Bc1 {[%clk 0:51:24]} Qb7 {[%clk 1:14:21]} 26. Kg2
{[%clk 0:50:50]} Ra1 {[%clk 1:11:34]} 27. Qe3 {[%clk 0:48:52]} Bf6
{[%clk 1:11:11]} 28. h4 {[%clk 0:47:40]} h5 {[%clk 1:10:49]} 29. Be4
{[%clk 0:46:56]} R8a4 {[%clk 1:10:39]} 30. f3 {[%clk 0:35:03]} R4a2
{[%clk 1:10:01]} 31. Qd3 {[%clk 0:31:21]} Bg7 {[%clk 1:08:10]} 32. g4
{[%clk 0:30:06]} hxg4 {[%clk 1:07:30]} 33. fxg4 {[%clk 0:29:03]} Qc8
{[%clk 1:07:44]} 34. Qf3 {[%clk 0:28:16]} f5 {[%clk 1:06:18]} 35. gxf5
{[%clk 0:26:40]} Rxc1 {[%clk 1:06:09]} 36. Rxc1 {[%clk 0:25:15]} Qxc1
{[%clk 1:06:37]} 37. fxg6 {[%clk 0:25:37]} Kh8 {[%clk 1:04:07]} 38. Qg4
{[%clk 0:24:22]} Ra8 {[%clk 1:03:30]} 39. Bf3 {[%clk 0:22:53]} Rf8
{[%clk 1:03:19]} 40. Qh5+ {[%clk 0:22:36]} Qh6 {[%clk 1:03:30]} 41. Qxh6+
{[%clk 0:21:34]} Bxh6 {[%clk 1:03:59]} 42. h5 {[%clk 0:21:44]} Kg7
{[%clk 1:04:26]} 43. Kg3 {[%clk 0:21:56]} Kf6 {[%clk 1:04:50]} 44. Kg4
{[%clk 0:20:36]} Ke5 {[%clk 1:05:18]} 45. Kg3 {[%clk 0:20:22]} Kf5
{[%clk 1:05:46]} 46. Kh4 {[%clk 0:19:36]} Kf4 {[%clk 1:05:59]} 47. Kh3
{[%clk 0:19:36]} Kg5 {[%clk 1:06:22]} 48. Kg2 {[%clk 0:18:42]} Rxf3
{[%clk 1:06:47]} 0-1

[Event "Wroclaw Open"]
[Site "?"]
[Date "2017.08.16"]
[Round "9.8"]
[White "Szczepaniak, Lukasz"]
[Black "Kanarkiewicz, Michal"]
[Result "0-1"]
[BlackElo "2034"]
[WhiteElo "2163"]
[LiveChessVersion "1.4.6"]

1. e4 {[%clk 1:30:56]} c5 {[%clk 1:22:17]} 2. Nf3 {[%clk 1:31:19]} d6
{[%clk 1:22:32]} 3. d4 {[%clk 1:31:42]} cxd4 {[%clk 1:22:57]} 4. Nxd4
{[%clk 1:32:07]} Nf6 {[%clk 1:23:23]} 5. Nc3 {[%clk 1:32:31]} a6 {[%clk 1:23:50]}
6. Bc4 {[%clk 1:32:55]} e6 {[%clk 1:23:29]} 7. Bb3 {[%clk 1:33:19]} b5
{[%clk 1:23:28]} 8. O-O {[%clk 1:33:39]} Be7 {[%clk 1:23:51]} 9. a3
{[%clk 1:30:56]} O-O {[%clk 1:22:50]} 10. Be3 {[%clk 1:25:50]} Qc7
{[%clk 1:20:01]} 11. f4 {[%clk 1:23:54]} Bb7 {[%clk 1:19:44]} 12. f5
{[%clk 1:20:00]} e5 {[%clk 1:18:21]} 13. Nde2 {[%clk 1:20:16]} h6
{[%clk 1:17:15]} 14. Nd5 {[%clk 1:13:32]} Nxd5 {[%clk 1:13:12]} 15. Bxd5
{[%clk 1:13:52]} Bxd5 {[%clk 1:13:14]} 16. Qxd5 {[%clk 1:14:16]} Nd7
{[%clk 1:13:27]} 17. Nc3 {[%clk 1:12:56]} Nf6 {[%clk 1:11:43]} 18. Qd3
{[%clk 1:09:10]} Rac8 {[%clk 1:11:31]} 19. Rad1 {[%clk 0:38:06]} Qb7
{[%clk 0:48:12]} 20. Nd5 {[%clk 0:17:13]} Nxd5 {[%clk 0:47:18]} 21. exd5
{[%clk 0:17:42]} Bf6 {[%clk 0:46:48]} 22. c3 {[%clk 0:15:33]} Rc4
{[%clk 0:42:46]} 23. Qe2 {[%clk 0:14:17]} Rfc8 {[%clk 0:42:37]} 24. Rf3
{[%clk 0:11:35]} a5 {[%clk 0:38:36]} 25. Rg3 {[%clk 0:10:33]} Kf8
{[%clk 0:35:42]} 26. Rg4 {[%clk 0:10:05]} Rxg4 {[%clk 0:25:25]} 27. Qxg4
{[%clk 0:10:33]} Rc4 {[%clk 0:25:52]} 28. Qe2 {[%clk 0:09:53]} Qc8
{[%clk 0:25:27]} 29. Bb6 {[%clk 0:07:12]} Bd8 {[%clk 0:16:48]} 30. Bxd8
{[%clk 0:03:35]} Qxd8 {[%clk 0:17:16]} 31. a4 {[%clk 0:03:56]} Qb6+
{[%clk 0:15:56]} 32. Kh1 {[%clk 0:03:58]} Rxa4 {[%clk 0:16:24]} 33. Rf1
{[%clk 0:02:36]} Rf4 {[%clk 0:13:10]} 34. Rxf4 {[%clk 0:02:49]} exf4
{[%clk 0:13:33]} 35. h3 {[%clk 0:02:39]} Qc5 {[%clk 0:12:18]} 36. f6
{[%clk 0:00:41]} gxf6 {[%clk 0:11:43]} 37. Qh5 {[%clk 0:01:10]} Qf2
{[%clk 0:06:48]} 38. Qxh6+ {[%clk 0:00:57]} Ke7 {[%clk 0:07:16]} 39. Qh7
{[%clk 0:00:49]} Qe1+ {[%clk 0:05:35]} 40. Kh2 {[%clk 0:01:18]} f3
{[%clk 0:05:47]} 41. gxf3 {[%clk 0:01:47]} Qf2+ {[%clk 0:06:01]} 42. Kh1
{[%clk 0:02:17]} Qxf3+ {[%clk 0:06:22]} 43. Kg1 {[%clk 0:01:16]} Qxd5
{[%clk 0:06:25]} 44. Qc2 {[%clk 0:00:45]} Qf3 {[%clk 0:06:39]} 45. Kh2
{[%clk 0:00:36]} f5 {[%clk 0:06:25]} 46. Qb3 {[%clk 0:00:36]} Qf2+
{[%clk 0:03:15]} 47. Kh1 {[%clk 0:01:05]} Qf1+ {[%clk 0:03:37]} 48. Kh2
{[%clk 0:01:34]} f4 {[%clk 0:03:51]} 49. Qd5 {[%clk 0:01:09]} Qe2+
{[%clk 0:03:42]} 50. Kh1 {[%clk 0:01:03]} Qe5 {[%clk 0:02:22]} 51. Qb7+
{[%clk 0:00:51]} Kf6 {[%clk 0:02:51]} 52. Qf3 {[%clk 0:00:39]} Qe1+
{[%clk 0:02:32]} 53. Kh2 {[%clk 0:01:08]} Qd2+ {[%clk 0:02:56]} 54. Kh1
{[%clk 0:01:31]} Qc1+ {[%clk 0:03:09]} 55. Kg2 {[%clk 0:00:37]} Qxb2+
{[%clk 0:03:37]} 56. Kf1 {[%clk 0:00:36]} Qc1+ {[%clk 0:03:58]} 57. Ke2
{[%clk 0:00:58]} Qe3+ {[%clk 0:03:42]} 58. Qxe3 {[%clk 0:01:27]} fxe3
{[%clk 0:04:10]} 59. Kxe3 {[%clk 0:01:43]} a4 {[%clk 0:02:46]} 60. Kd3
{[%clk 0:01:52]} d5 {[%clk 0:03:06]} 61. Kd4 Ke5+ 0-1

[Event "Wroclaw Open"]
[Site "?"]
[Date "2017.08.16"]
[Round "9.9"]
[White "Grabarczyk, Miroslaw"]
[Black "Kanicki, Krzysztof"]
[Result "1/2-1/2"]
[BlackElo "2098"]
[WhiteElo "2441"]
[LiveChessVersion "1.4.6"]

1. d4 {[%clk 1:30:56]} d5 {[%clk 1:30:55]} 2. c4 {[%clk 1:30:50]} c6
{[%clk 1:31:21]} 3. Nf3 {[%clk 1:31:00]} Nf6 {[%clk 1:31:46]} 4. e3
{[%clk 1:31:21]} e6 {[%clk 1:31:53]} 5. Nbd2 {[%clk 1:31:17]} Nbd7
{[%clk 1:32:05]} 6. b3 {[%clk 1:31:34]} Bd6 {[%clk 1:30:12]} 7. Bb2
{[%clk 1:31:53]} O-O {[%clk 1:26:38]} 8. Bd3 {[%clk 1:32:02]} b6 {[%clk 1:26:04]}
9. O-O {[%clk 1:31:38]} Bb7 {[%clk 1:25:38]} 10. e4 {[%clk 1:25:34]} dxe4
{[%clk 1:25:39]} 11. Nxe4 {[%clk 1:25:57]} Nxe4 {[%clk 1:25:04]} 12. Bxe4
{[%clk 1:26:20]} Nf6 {[%clk 1:24:28]} 13. Qc2 {[%clk 1:26:41]} Nxe4
{[%clk 0:59:39]} 14. Qxe4 {[%clk 1:27:02]} Qe7 {[%clk 0:59:53]} 15. Rfe1
{[%clk 1:27:12]} Rfe8 {[%clk 0:50:13]} 16. Qg4 {[%clk 1:09:29]} Qf6
{[%clk 0:36:20]} 17. c5 {[%clk 0:58:26]} Bxc5 {[%clk 0:33:07]} 18. dxc5
{[%clk 0:55:43]} Qxb2 {[%clk 0:33:28]} 19. Ne5 {[%clk 0:56:04]} Rad8
{[%clk 0:16:34]} 20. Qf3 {[%clk 0:40:58]} Rf8 {[%clk 0:10:12]} 21. Nc4
{[%clk 0:40:50]} Qd4 {[%clk 0:10:17]} 22. cxb6 {[%clk 0:39:40]} axb6
{[%clk 0:10:36]} 23. Qe3 {[%clk 0:40:04]} b5 {[%clk 0:08:24]} 24. Na5
{[%clk 0:40:19]} Ba8 {[%clk 0:08:34]} 25. Qxd4 {[%clk 0:36:14]} Rxd4
{[%clk 0:09:02]} 26. Rac1 {[%clk 0:36:37]} Rd2 {[%clk 0:04:57]} 27. Nxc6
{[%clk 0:30:43]} 1/2-1/2